El derecho del trabajo : apuntes para una teoría crítica desde Cuba /

Bibliographic Details
Other Authors: Lam Peña, Reynaldo J. (Editor), Sierra Benites, Esperanza Macarena (contributor agent of text.)
Format: Electronic eBook
Language:Spanish
Published: Santiago, Chile : Ediciones Olejnik, [2023]
Series:Biblioteca de derecho del trabajo y de la seguridad social.
Subjects:
Online Access:Digitalia Hispánica

MARC

LEADER 00000nam a2200000Ii 4500
001 DIGOLEJNK1452
003 NyNyDIG
006 m o d
007 cr |||||||||||
008 251203s2023 cl ob 000 0 spa d
035 |a (OCoLC)1427227265 
040 |a DGITA  |b eng  |e rda  |e pn  |c DGITA 
020 |z 9789564073064 
043 |a nwcu--- 
050 1 4 |a HD5118.C9 ebook 
245 0 3 |a El derecho del trabajo :  |b apuntes para una teoría crítica desde Cuba /  |c Reynaldo J. Lam Peña (coordinador) ; Esperanza Macarena Sierra Benites (prólogo). 
264 1 |a Santiago, Chile :  |b Ediciones Olejnik,  |c [2023] 
300 |a 1 online resource. 
336 |a text  |b txt  |2 rdacontent 
337 |a computer  |b c  |2 rdamedia 
338 |a online resource  |b cr  |2 rdacarrier 
347 |a text file  |2 rdaft 
347 |b PDF 
490 1 |a Biblioteca de derecho del trabajo y de la seguridad social 
504 |a Includes bibliographical references. 
588 0 |a Online resource; title from PDF title page (Digitalia, viewed December 3, 2025) 
650 0 |a Labor  |z Cuba. 
650 0 |a Labor laws and legislation  |z Cuba. 
650 0 |a Social security  |z Cuba. 
700 1 |a Lam Peña, Reynaldo J.,  |e editor. 
700 1 |a Sierra Benites, Esperanza Macarena,  |e contributor agent of text. 
791 2 |a Digitalia (Firm),  |e distributor. 
793 0 |g Digitalia eBook Collection:  |a Ediciones Olejnik 
776 0 8 |i Print version:  |t Derecho del trabajo.  |b Primera edición en Ediciones Olejnik.  |d Santiago, Chile : Ediciones Olejnik, 2023  |z 9789564073064 
830 0 |a Biblioteca de derecho del trabajo y de la seguridad social. 
856 4 0 |3 Digitalia Hispánica  |u https://www.digitaliapublishing.com/a/157971/ 
910 |a Premium collection: 2025